Statistics for One Syllable Answers

Click here to take the quiz!

General Stats

  • This quiz has been taken 34,184 times
    (12,440 since last reset)
  • The average score is 19 of 41

Answer Stats

CategoryAnswer% Correct
PlanetsMars
92%
PlanetsEarth
91%
U.S. StatesMaine
78%
Books of the BibleJohn
74%
U.S. Presidents
(Last Name)
Bush
71%
U.S. Presidents
(Last Name)
Trump
70%
CountriesChad
68%
Books of the BibleLuke
65%
Periodic Table
Elements
Gold
63%
Books of the BibleMark
63%
CountriesSpain
60%
CountriesFrance
59%
World CapitalsRome
55%
Books of the BibleJob
53%
CountriesLaos
51%
Periodic Table
Elements
Tin
50%
U.S. Presidents
(Last Name)
Ford
48%
Periodic Table
Elements
Lead
45%
Periodic Table
Elements
Zinc
45%
World CapitalsBern
43%
CountriesGreece
43%
Books of the BibleRuth
41%
U.S. Presidents
(Last Name)
Taft
41%
UK CitiesLeeds
41%
Books of the BiblePsalms
38%
U.S. Presidents
(Last Name)
Grant
38%
U.S. Presidents
(Last Name)
Polk
37%
UK CitiesYork
35%
Books of the BibleActs
33%
World CapitalsSeoul
31%
Books of the BibleJames
28%
UK CitiesBath
28%
Books of the BibleKings
26%
World CapitalsMinsk
25%
World CapitalsPrague
24%
U.S. Presidents
(Last Name)
Hayes
24%
U.S. Presidents
(Last Name)
Pierce
24%
Books of the BibleJude
21%
UK CitiesPerth
18%
Books of the BibleJoel
17%
UK CitiesWells
7%

Score Distribution

Percentile by Number Answered

Percent of People with Each Score

Your Score History

You have not taken this quiz since the last reset